000 00343pam a2200157a 44500
008 230515b1988 xxu||||| |||| 00| 0 eng d
020 _aNULL
041 _aENGLISH
082 _a630
100 _a7986-1976
245 _aCODE OF PRACTICE FOR CANAL OUTLETS
250 _a0
260 _aDELHI
_bISI
_c1988
300 _a14
650 _aNULL
999 _c652243
_d652243